000 00570nam a2200229 a 4500
999 _c6757
_d6757
001 6757
003 BD-JhCC
005 20180129181508.0
008 180129s1965 b |||| || | 000 0 eng d
035 _a(BD-JhCC)6757
040 _aBD-JhCC
_dBD-JhCC
041 _aeng
082 _a954
_bCHO 1965
100 _aChowdhury
245 _aB. A. History Companion /
_cProf. Chowdhury,
260 _aDacca :
_bMollick Brothers,
_c1965.
300 _a286 p. :
_c19 cm.
650 _aHistorical Relations
_xIndia
650 _xPakistan
942 _2ddc
_cBK